000 00446nam a2200181Ia 4500
001 18826
005 20260306171659.0
008 260306s9999||||xx |||||||||||||| ||und||
041 _aESP
082 _a658.5
_bN514
100 _aNahmias, Steven
_eAUT
245 0 _aAnalisis de la producción y las operaciones
260 _c2007
300 _axxviii, 785 páginas :
_c27 cm.
650 _aGEN
654 _aCAN
942 _cLIB
_dJUS
_fJUS
_2ddc
_n
999 _c18826
_d18826